000 00977nam a2200217Ia 4500
003 Ost
005 20260507075634.0
008 260507s9999||||xx |||||||||||||| ||und||
040 _cfsecg
041 _aara
082 _a346.02
100 _aالعجلوني، أحمد خالد
_eمؤلف
245 0 _aالتعاقد عن طريق الانترنت :
_bدراسة مقارنة /
_c أحمد خالد العجلوني
260 _aعمان:
_bالدار العلمية الدولية للنشر والتوزيع,
_c2002
300 _a131 صفحة؛
_bإيضاحات ؛
_c24 سم
490 _aالمكتبة القانونية
_v469
520 _aالأبعاد الفنية والتعاقدية لشبكة للأنترنت- التعبير عن الإرادة- تلاقي الإرادتين وتطابقهما- المراحل السابقة والحالات الخاصة في التعاقد
653 _aالأنترنت
653 _aالعقود
942 _cكتاب
999 _c45269
_d45269